Los rumbos de la agricultura y la alimentación en México /

Guardado en:
Bibliografiske detaljer
Hovedforfatter: Romero Polanco, Emilio
Format: Texto
Tags: Tilføj Tag
Ingen Tags, Vær først til at tagge denne postø!

MARC

LEADER 00000 a a2200000 04500
001 45770
003
040 |a CRAI/IIS  |c CRAI/IIS 
100 |a Romero Polanco, Emilio  
245 |a Los rumbos de la agricultura y la alimentación en México /  |c Emilio Romero Polanco  
773 |g número41 (1988), páginas 12-14  
999 |c 18456  |d 18456